Environmental Economics (Record no. 234778)

000 -LEADER
fixed length control field nam a22 7a 4500
003 - CONTROL NUMBER IDENTIFIER
control field Nust
005 - DATE AND TIME OF LATEST TRANSACTION
control field 20170330153802.0
008 - FIXED-LENGTH DATA ELEMENTS--GENERAL INFORMATION
fixed length control field 170330b xxu||||| |||| 00| 0 eng d
020 ## - INTERNATIONAL STANDARD BOOK NUMBER
International Standard Book Number 817132391x
040 ## - CATALOGING SOURCE
Transcribing agency 0
050 ## - LIBRARY OF CONGRESS CALL NUMBER
Classification number 333.7 PRA
082 ## - DEWEY DECIMAL CLASSIFICATION NUMBER
Classification number 333.7 PRA
100 ## - MAIN ENTRY--PERSONAL NAME
Personal name Prasad,S.N.
245 ## - TITLE STATEMENT
Title Environmental Economics
Statement of responsibility, etc. S.N.Prasad
260 ## - PUBLICATION, DISTRIBUTION, ETC.
Place of publication, distribution, etc. Jaipur
Name of publisher, distributor, etc. Pointer Publishers
Date of publication, distribution, etc. 2011
300 ## - PHYSICAL DESCRIPTION
Extent 274 p.
500 ## - GENERAL NOTE
General note H.B
942 ## - ADDED ENTRY ELEMENTS (KOHA)
Source of classification or shelving scheme
Koha item type Book
Call number prefix 333.7 PRA
Holdings
Withdrawn status Lost status Source of classification or shelving scheme Damaged status Not for loan Collection code Permanent Location Current Location Shelving location Date acquired Total Checkouts Full call number Barcode Date last seen Price effective from Koha item type
            Central Library (CL) Central Library (CL) General Stacks 03/30/2017   333.7 PRA IESE-2709 03/30/2017 03/30/2017 Book
© 2023 Central Library, National University of Sciences and Technology. All Rights Reserved.